El desarrollo de la nueva sociedad en América Latina
Bewaard in:
| Hoofdauteurs: | , |
|---|---|
| Formaat: | Boek |
| Taal: | Spaans |
| Gepubliceerd in: |
Santiago
Universitaria
1969
|
| Editie: | 2a. ed |
| Reeks: | Imagen de América Latina
|
| Onderwerpen: | |
| Tags: |
Voeg label toe
Geen labels, Wees de eerste die dit record labelt!
|
MARC
| LEADER | 00000nam a2200000 a 4500 | ||
|---|---|---|---|
| 001 | UCT8663 | ||
| 003 | CL-VaPUC | ||
| 008 | 970326e19690000CL |||||||||||||||||spa|d | ||
| 082 | 0 | 4 | |a 335.98 |b SIL |2 21 |
| 100 | 0 | |a Silva Solar, Julio |e author |9 380540 | |
| 700 | 0 | |a Chonchol Ch., Jacques |e author |9 380541 | |
| 245 | 1 | 3 | |a El desarrollo de la nueva sociedad en América Latina |
| 250 | |a 2a. ed | ||
| 300 | |a 145 p | ||
| 942 | |c BK | ||
| 945 | |d 19970326 00:00:00 |a paguirre | ||
| 260 | |a Santiago |b Universitaria |c 1969 | ||
| 650 | 0 | |a Comunismo |9 255588 | |
| 650 | 0 | |a Socialismo |9 255260 | |
| 650 | 0 | |a Cristianismo |9 257361 | |
| 650 | 7 | |a MARXISMO |2 CL-VaPUC |9 380542 | |
| 650 | 0 | |a Ideologías |9 255200 | |
| 650 | 0 | |a Desarrollo económico y social |9 256320 | |
| 650 | 0 | |a Comunidades |9 337024 | |
| 650 | 0 | |a Sociedad |9 307903 | |
| 650 | 0 | |a Propiedad privada |9 257919 | |
| 651 | 0 | |a América Latina |9 255027 | |
| 583 | |a last modification |c 19970326 00:00:00 |k Rodrigo Vera | ||
| 490 | 0 | |a Imagen de América Latina | |
| 999 | |c 257150 |d 257148 | ||
| 952 | |0 0 |1 0 |4 0 |6 335_980000000000000_SIL_1969 |7 0 |8 A |9 280410 |a BIBDER |b BIBDER |d 2019-11-19 |i 1815164 |o 335.98 SIL 1969 |p 1815164 |r 2023-01-25 |w 2019-11-19 |y BK |k DER | ||